Loading...
| History - World | 0 | 4 | 0 | 1 | 40 | 64 | 72.75 | 2 | 3 | 16.55 | 32.00 |
| History - American | 0 | 4 | 1 | 0 | 35 | 79 | 81.25 | 0 | 2 | 13.50 | 20.00 |
| History - European | 0 | 4 | 2 | 1 | 30 | 105 | 118.25 | 0 | 3 | 3.02 | 16.00 |
| History - Other | 0 | 3 | 0 | 0 | 30 | 105 | 115.00 | 1 | 2 | 2.89 | 16.00 |
| Social Science | 0 | 2 | 0 | 1 | 20 | 66 | 70.50 | 0 | 1 | 7.13 | 12.00 |
| Geography | 0 | 2 | 0 | 0 | 20 | 76 | 83.00 | 0 | 2 | 34.47 | 70.00 |
| Religion | 0 | 2 | 0 | 0 | 20 | 85 | 98.00 | 1 | 2 | 3.62 | 18.00 |
| Literature - European | 0 | 1 | 0 | 0 | 10 | 131 | 131.00 | 0 | 0 | 0.00 | 2.00 |
| Philosophy | 0 | 1 | 0 | 1 | 10 | 125 | 125.00 | 0 | 1 | 0.00 | 2.00 |
| Current Events | 0 | 1 | 0 | 0 | 10 | 73 | 73.00 | 0 | 1 | 14.47 | 26.67 |
| Fine Arts - Other | 0 | 1 | 0 | 1 | 10 | 134 | 134.00 | 0 | 1 | 0.00 | 2.00 |
| Science - Physics | 0 | 0 | 0 | 0 | 0 | 0.00 | 0 | 0 | 0.00 | 0.00 |